What Does It Stand For? - Statistics

General Stats
  • This quiz has been taken 72 times
    22 since last reset
  • The average score is 5 of 20
Answer Stats
Abbreviation What It Stands For % Correct
NATO North Atlantic Treaty Organization
57%
GDP Gross Domestic Product
52%
Lib. Liberal
52%
GMT Greenwich Mean Time
48%
co. Company
43%
Lib. Library
38%
IRS Internal Revenue Service
29%
pl. Plural
29%
cu Copper
19%
pl. Poland
19%
i.e. Id est (that is)
14%
wt. Weight
14%
cu Cubic
10%
FM Frequency Modulation
10%
at. no. Atomic Number
5%
co. County
5%
cu Cuba
5%
et al. Et alii (and others)
5%
Acad. Academy
0%
Lib. Libertarian
0%
No matching quizzes found
Score Distribution
Percent of People with Each Score
Percentile by Number Answered
Your Score History
You have not taken this quiz since the last reset